000 00901nam a2200253Ia 4500
003 OSt
005 20221005112300.0
006 a|||||r|||| 00| 0
007 ta
008 221004b |||||||| |||| 00| 0 pan d
020 _a9788178564098 (hbk)
_c350
024 _a14054
037 _b875, 14/08/2014, H.K. Prakashan
_cTextual
040 _aCRL
_cCRL
_bpan
041 _2pan
_apan
082 _aQ7, 153Q4
100 _aਤਲਵਾੜਾ, ਗੁਰਚਰਨ ਸਿੰਘ
245 0 _aਇਸਲਾਮ
_b ਸਿਧਾਂਤ ਅਤੇ ਸਿੱਖਿਆ
260 _aਅੰਮ੍ਰਿਤਸਰ
_bਵਾਰਿਸ Fਾਹ ਖ਼ਾਉ੍ਵਡੇFਨ ਭਾਰਤ
_c2014
300 _a240ਪੰ
_ccm.
650 _aਧਰਮ
942 _hQ7, 153Q4
_cTEXL
_2cc
999 _c1024405
_d1024405